=LDR 00000nam 2200000 4500 =001 INLIS000000000047273 =005 20200930080237 =035 ##$$a 0010-091500000000103 =008 200930################g##########0#ind## =020 ##$$a 979-3925-16-7 =082 ##$$a 301 =100 ##$$a Marzali, Amri =245 1#$$a Antropologi dan pembangunan Indonesia /$c Amri Marzali =250 ##$$a Cet. 1 =260 ##$$a Jakarta :$b Prenada Media,$c 2005 =300 ##$$a 240 Hlm ; $c 21 Cm =084 ##$$a 301 AMR a =650 #4$$a Antropologi =504 ##$$a Biografi =990 ##$$a 0001/BPAP-NTB/2015 =990 ##$$a 0001/BPAP-NTB/2015 =990 ##$$a 0046/BPAP-NTB/2016 =990 ##$$a 20706484 =990 ##$$a 20706485 =990 ##$$a 0001/BPAP-NTB/2015 =990 ##$$a 0001/BPAP-NTB/2015 =990 ##$$a 20706484 =990 ##$$a 30701391 =990 ##$$a 0001/BPAP-NTB/2015 =990 ##$$a 20706485 =990 ##$$a 20706484 =990 ##$$a 20610796 =990 ##$$a 30701391 =990 ##$$a 20706485 =990 ##$$a 20706484 =990 ##$$a 20706484 =990 ##$$a 20610796 =990 ##$$a 30701391 =990 ##$$a 20706485